Russkije svjatyni : Šedevri chramovogo zodčestva Rossii

Salvato in:
Dettagli Bibliografici
Autore principale: Ivanov, Jurij Grigorjevič (Autore)
Natura: Libro
Lingua:russo
Pubblicazione: Smolensk : Rusič, 2005
Soggetti:
Tags: Aggiungi Tag
Nessun Tag, puoi essere il primo ad aggiungerne!!

MARC

LEADER 00000nam a22000003a 4500
001 stu144778
005 20150617225951.7
008 070905s2005----ru------------------rus-d
020 |a 5-8138-0691-1 
040 |a STU  |b slo 
041 0 |a rus 
044 |a ru 
100 1 |a Ivanov, Jurij Grigorjevič  |4 aut 
245 1 |a Russkije svjatyni :  |b Šedevri chramovogo zodčestva Rossii 
260 |a Smolensk :  |b Rusič,  |c 2005 
300 |a 414 s 
650 7 |a architektúra sakrálna  |2 stusub 
650 7 |a Rusko  |2 stusub 
650 7 |a cerkev  |2 stusub 
996 |b 284AU03572  |c A*5425 U  |l AAKNAR  |s A  |a 24  |w stu144778_0001